| 000 | 00387nam a2200169Ia 4500 | ||
|---|---|---|---|
| 008 | 180424s9999 xx 000 0 und d | ||
| 084 | _a150 S26 | ||
| 100 | _a"Seamon, John G" | ||
| 245 | 0 | _aPsychology | |
| 250 | _a\\199200ENGGPSX | ||
| 260 | _aPrentice Hall | ||
| 260 | _b1992 | ||
| 260 | _cNew York | ||
| 300 | _a774p | ||
| 500 | _aincludes index and biblioraphy | ||
| 942 | _cBK | ||
| 999 |
_c56744 _d56744 |
||